| 000 | 01064nam0a22002651 4500 | ||
|---|---|---|---|
| 001 | rc\3233595 | ||
| 005 | 20260407074223.0 | ||
| 021 |
_aRU _bРг344-70 |
||
| 035 | _a(NLR Aleph) 007371552 | ||
| 090 |
_a6413498 _c6413498 |
||
| 100 | _a20130115d1969 |||y0rusy50 ca | ||
| 101 | 0 | _arus | |
| 102 | _aRU | ||
| 105 | _aa b ||||| | ||
| 200 | 1 |
_aЭлектровоз ВЛ-10 _e[Каталог] _f[Изготовитель: Тбилис. электровозостроит. з-д] |
|
| 210 |
_aМосква _cБ. и. _d[1969] |
||
| 215 |
_a23 с., 1 л. схем. _cил. _d29 |
||
| 225 | 1 |
_aОтделение ВНИИЭМ по научно-технической информации в электротехнике. (Информэлектро) _v10.03.01-69 |
|
| 712 | 0 | 2 |
_4570 _aТбилисский электровозостроительный завод им. В. И. Ленина _9575309 _3RU\NLR\AUTH\8810038234 |
| 801 | 0 |
_aRU _bNLR _gpsbo |
|
| 801 | 1 |
_aRU _bELAR _2rusmarc |
|
| 852 |
_aNLR _jПт 20/1-10.03.01-69 |
||
| 942 | _cBOOK | ||
| 980 | _aNB | ||